000 00552nam a2200193Ia 4500
003 GCL
008 140319s9999 xx 000 0 ara d
040 _aGCL /
_cGCL
082 0 4 _a252.2
_bع ص
100 1 _aعبدالرازق نوفل
245 1 0 _aصلاة الفريضة /
_cعبدالرازق نوفل
260 _a[S.N] :
_bدار الشروق ،
_c1983
300 _a40 ص
490 _aاركان الاسلام
_v0
650 0 4 _aالاسلام - عبادات
650 0 4 _aالصلاة
650 0 4 _aالعبادات
942 _2ddc
_cBK
999 _c55520
_d55520